LIBRARY & INFORMATION CENTRE, KCAET, TAVANUR

ONLINE PUBLIC ACCESS CATALOGUE (OPAC)

Loham murippu / (Record no. 10890)

MARC details
000 -LEADER
fixed length control field 00537cam a2200229ua 4500
041 ## - LANGUAGE CODE
Language code of text/sound track or separate title mal
082 ## - DEWEY DECIMAL CLASSIFICATION NUMBER
Classification number 671.53
Item number RUD/LO
100 ## - MAIN ENTRY--AUTHOR NAME
Personal name Rudolf, Gensky .
245 ## - TITLE STATEMENT
Title Loham murippu /
250 ## - EDITION STATEMENT
Edition statement 1 /
260 ## - PUBLICATION, DISTRIBUTION, ETC. (IMPRINT)
Place of publication Eranakulam :
Name of publisher C I C C Book House ,
Year of publication 1974.
300 ## - PHYSICAL DESCRIPTION
Number of Pages 212 ; .
942 ## - ADDED ENTRY ELEMENTS (KOHA)
Koha item type Books
Holdings
Withdrawn status Lost status Damaged status Home library Current library Date acquired Full call number Accession Number Koha item type
      KAUAET KAUAET 07/04/2012 671.53 14166 Books
      KAUAET KAUAET 07/04/2012 671.53 14165 Books
      KAUAET KAUAET 07/04/2012 671.53 14162 Books
Withdrawn     KAUAET KAUAET 07/04/2012 671.53 14164 Books
Withdrawn     KAUAET Sanskrit University 07/04/2012 671.53 14163 Books
free website counter